000
00298nam a22001337a 4500
008
180111b xxu||||| |||| 00| 0 eng d
020
_a
9780471321859
041
_a
eng
080
_2
4th
_a
541
100
_a
12
101
_a
KIM
245
_a
Microscale Organic Laboratory
_c
Mayo
942
_2
udc
_c
BK
999
_c
40129
_d
40129